000 00922 a2200241 4500
005 20081014123653.0
008 081014t xxu||||| |||| 00| 0 eng d
010 _aENG-91322
020 _a9788190655378
_c880.00
035 _aEN-74855
037 _bDBAD / PUB
040 _adpl
_bEnglish
082 _a338.954
100 _aDash, L.N.
245 _aInfrastructure development and the Indian economy /
_cby L.N. Dash
260 _a New Delhi
_bRegal Publications
_c2008
270 _aF-159, Rajouri Garden,
_cNew Delhi
_e110027
300 _axv, 267p.
_c22 cm (Hb)
500 _aIncludes bibliographical references and index
651 _aIndia
_xEconomic conditions
_y1947-
942 _adpl
_cEN
_2ddc
_mDAS
_h338.954
999 _c16715
_d16715